Market Research On Consumer Good At Allied Analytics Llp (Record no. 80022)

MARC details
000 -LEADER
fixed length control field 00440nam a2200145Ia 4500
008 - FIXED-LENGTH DATA ELEMENTS--GENERAL INFORMATION
fixed length control field 221007s9999 xx 000 0 und d
041 ## - LANGUAGE CODE
Language code of text/sound track or separate title eng
082 ## - DEWEY DECIMAL CLASSIFICATION NUMBER
Item number DEE
100 ## - MAIN ENTRY--PERSONAL NAME
Personal name Deepika Ghosh - 2k151080; Dr. Jyoti Gaikwad - Guide & Allied Analytics
9 (RLIN) 105122
245 ## - TITLE STATEMENT
Title Market Research On Consumer Good At Allied Analytics Llp
260 ## - PUBLICATION, DISTRIBUTION, ETC. (IMPRINT)
Date of publication, distribution, etc. 2015
Name of publisher, distributor, etc. Savitribai Phule Pune University
Place of publication, distribution, etc. Pune
300 ## - PHYSICAL DESCRIPTION
Extent 64p
440 ## - SERIES STATEMENT/ADDED ENTRY--TITLE
Volume/sequential designation 1
906 ## - LOCAL DATA ELEMENT F, LDF (RLIN)
b General
Holdings
Withdrawn status Lost status Damaged status Not for loan Home library Current library Date acquired Vendor Total Checkouts Full call number Barcode Date last seen Bill Date Koha item type Original Barcode
        Smt. Hiraben Nanavati Institute of Management & Research for Women Smt. Hiraben Nanavati Institute of Management & Research for Women 10/07/2018 HNIMR   DEE HIMR-PR-635 07/10/2022 18/01/2018 Project Reports PR0635